Motivácia a stimulácia zamestnancov podniku bakalárska práca

Gespeichert in:
Bibliographische Detailangaben
1. Verfasser: Ružinská, Marianna
Körperschaft: Podnikovohospodárska fakulta EU so sídlom v Košiciach. Katedra marketingu a obchodu
Weitere Verfasser: Pružinský, Michal, 1952-
Format: Buch
Sprache:Slowakisch
Veröffentlicht: Košice 2012
Tags: Tag hinzufügen
Keine Tags, Fügen Sie das erste Tag hinzu!

MARC

LEADER 00000nbm a2200000 4500
001 0155652
005 20161109111907.2
041 0 |a slo 
044 |a SK 
245 1 0 |a Motivácia a stimulácia zamestnancov podniku  |b bakalárska práca  |c Marianna Ružinská ; školiteľ: Michal Pružinský 
264 1 |a Košice  |c 2012 
300 |a 47 s. 
100 1 |a Ružinská, Marianna 
700 1 |a Pružinský, Michal, 1952- 
710 2 |a Podnikovohospodárska fakulta EU so sídlom v Košiciach. Katedra marketingu a obchodu